000 00624nam a22002297a 4500
003 UA-OsUOA
001 88494
007 ta
008 20121005b un ||||| |||| 00| 0 ukr d
100 _aКондрашов Н.
090 _a811.16
_bК64
942 _cBK
040 _aUA-OsUOA
_brus
_cUA-OsUOA
_dUA-OsUOA
245 _aСлавянские языки
300 _a196 с.
955 _a1
041 _arus
080 _a811.16
260 _aМ.
_bУчпедгиз
_c1956
650 7 _a8 Мовознавство. Художня література. Літературознавство
_2UDC
999 _c374325
_d374325